01143 2200337 4500001002100000005001500021035002000036007000300056008004100059020002200100040002200122082001600144084001800160090002200178090002200200100004400222245012000266250002600386300006900412650002300481700005100504700004900555850001200604504003000616264004100646336002100687337003000708338002300738999002200761990002200783INLIS00000000085432220200218114821 a0010-0220000492ta200218s2019 yoia b 1 ind d a978-623-7254-18-8 aYOPDYOGbinderda04223a028.534 a028.534 HEN a aDEP 028.534 HEN a aCB-D.11 2019-19950 aHengkyd1985-ePengarangqHengky Irawan1 aAngsa bertelur emas :bmenyesal karena sifat serakah /cHengky, Imam Budi; penyunting, Dicka; ilustrator, Imam Budi aCetakan pertama, 2019 a24 halaman, 8 halaman tanpa nomor :bilustrasi berwarna ;c23 cm 4aBacaan Kanak-kanak0 aImam BudiePengaranggIlustratorqImam Budi S.0 aDickaePenyuntingqArdhika Verdianata Wijaya aYOPDYOG aBibliografi: halaman [25]31aYogyakarta :bMedia Pressindo,c2019 2rdacontentateks 2rdamediaatanpa perantara 2rdacarrieravolume aCB-D.11/2019-1995 aCB-D.11/2019-1995